000 00360 a2200169 4500
001 171778
020 _a85-7056-199-7
040 _cMagnum
100 _aAgostinho, Cristina
240 1 0 _aMunheca-de-samambaia
_lpor
245 1 0 _aMunheca-de-samambaia
300 _a59
362 0 _a1989
440 1 _aAtual
697 _aLITERATURA JUVENIL
942 _cBK
999 _c171778
_d171778